| 000 | 00779cam a2200253 i 4500 | ||
|---|---|---|---|
| 001 | 2299765 | ||
| 003 | BD-DhUL | ||
| 005 | 20161221134127.0 | ||
| 008 | 801211s1981 mnua b 001 0 eng | ||
| 010 | _a 80029111 | ||
| 020 |
_a0829903623 : _c$13.56 |
||
| 040 |
_aDLC _cDLC _dDLC _dBD-DhUL |
||
| 050 | 0 | 0 |
_aHF5718 _b.G47 |
| 082 | 0 | 0 |
_a658.4 _219 _bARG |
| 245 | 0 | 0 |
_aGetting your message across : _ba practical guide to business communication / _cCraig Aronoff ... [et al.]. |
| 260 |
_aSt. Paul : _bWest Pub. Co., _cc1981. |
||
| 300 |
_aviii, 411 p. : _bill. ; _c26 cm. |
||
| 500 | _aIncludes index. | ||
| 504 | _aBibliography: p. 402-405. | ||
| 650 | 0 | _aBusiness communication. | |
| 650 | 0 | _aCommercial correspondence. | |
| 700 | 1 | _aAronoff, Craig E. | |
| 942 |
_2ddc _cBK |
||
| 999 |
_c139790 _d139790 |
||